One Piece-Les pirates utilisateurs de Fruits du démon - Statistiques

Statistiques générales
  • Ce quiz a été pris 193 fois
    81 depuis la dernière actualisation
  • Le résultat moyen est 59 sur 96
Statistiques - réponses
Pirates utilisateurs de Fruits du démon % Correct
Brook
97%
Monkey D.Luffy
97%
Nico Robin
92%
Tony Tony Chopper
92%
Donquichotte Doflamingo
89%
Trafalgar D.Water Law
89%
Baggy le Clown
87%
Barbe-Blanche
87%
Barbe-Noire
87%
Eustass Kid
84%
Gecko Moria
84%
Portgas D.Ace
84%
Crocodile
82%
Kaido
82%
King
82%
Marco le Phénix
82%
Alvida
79%
Big Mom
79%
Queen
79%
Bartholomew Kuma
76%
Boa Hancock
76%
Charlotte Katakuri
76%
Jewelry Bonney
76%
Mr.3
76%
Mr.5
76%
Capone Gang Bege
74%
Jack
74%
Mr.1
74%
Mr.2
74%
Scratchmen Apoo
74%
Sugar
74%
Urouge
71%
Basil Hawkins
68%
Perona
68%
Charlotte Cracker
66%
Diamante
66%
Jesus Burgess
66%
Miss Valentine
66%
Pica
66%
X Drake
66%
Bartolomeo
63%
Boa Marigold
63%
Boa Sandersonia
63%
Charlotte Perospero
63%
Charlotte Pudding
63%
Diamond Joz
63%
Trebol
63%
Ulti
63%
Absalom
61%
Black Maria
61%
Charlotte Smoothie
61%
Miss DoubleFinger
61%
Miss Merry Christmas
61%
Page One
61%
Sasaki
61%
Aokiji
58%
Baby-5
58%
Catarina Devon
58%
Foxy le Renard Argenté
58%
Senor Pink
58%
Shiliew de la Pluie
58%
Who's Who
58%
Bellamy la Hyène
55%
Donquichotte Rosinante
55%
Monet
55%
Buffalo
53%
Charlotte Brûlée
53%
Charlotte Mont d'Or
53%
Gladius
53%
Van Augur
53%
Charlotte Opéra
50%
Pekoms
50%
Doc Q
47%
Jora
47%
Léo
47%
Machvise
47%
Sanjuan Wolf
47%
Tamago
47%
Avalo Pizarro
45%
Caribou
45%
Charlotte Oven
45%
Vasco Shot
45%
Blamenco
42%
Van der Decken IX
42%
Viola
42%
Charlotte Daifuku
39%
Charlotte Galette
39%
Stronger
39%
Lassou
37%
Shiki le Lion d'or
37%
Bee Anne
32%
Kabu
29%
Streusen
29%
Toki
29%
Charlotte Newshi
26%
Epoida
16%
Aucun quiz correspondant
Distribution des résultats
% des personnes avec chaque résultat
Percentile par nombre de réponses
Votre historique - résultats
Vous n’avez pas pris ce quiz depuis la dernière actualisation